00800nam a22001817a 4500003000200000005001700002008004100019050002400060100003100084245012500115260007100240300002800311500009100339504005600430650003500486650003900521650005800560020250204123333.0250204b xxu||||| |||| 00| 0 eng d aHQ 755.8b.C33 2016 aCabrera, Maria Veronica C. a Stress alleviations among parents of children with attention deficit hyperactivity disorder.cMaria Veronica C. Cabrera aLas Pinas CitybSouthville International School and Collegesc2016 aviii, 86 pages ;c28cm. aBachelor of Science in Elementary Education with Specialization in Special Education.  aIncludes bibliographical references and appendices. aCoping Strategies for Parents. aStress Management—Mental Health. aAttention-Deficit Hyperactivity Disorder in Children.